<?xml version="1.0" encoding="UTF-8"?>
<record
    xmlns:xsi="http://www.w3.org/2001/XMLSchema-instance"
    xsi:schemaLocation="http://www.loc.gov/MARC21/slim http://www.loc.gov/standards/marcxml/schema/MARC21slim.xsd"
    xmlns="http://www.loc.gov/MARC21/slim">

  <leader>03132nam a22004697a 4500</leader>
  <controlfield tag="003">AR-RoUNCS</controlfield>
  <controlfield tag="005">20260313122401.0</controlfield>
  <controlfield tag="007">ta</controlfield>
  <controlfield tag="008">130605s2009    ag     gr     001 jdspa d</controlfield>
  <datafield tag="015" ind1=" " ind2=" ">
    <subfield code="a">AR-2009</subfield>
  </datafield>
  <datafield tag="020" ind1=" " ind2=" ">
    <subfield code="a">978-987-634-186-8</subfield>
  </datafield>
  <datafield tag="040" ind1=" " ind2=" ">
    <subfield code="a">AR-BaBN</subfield>
    <subfield code="b">spa</subfield>
    <subfield code="c">AR-RoUNCS</subfield>
    <subfield code="e">aacr</subfield>
  </datafield>
  <datafield tag="044" ind1=" " ind2=" ">
    <subfield code="a">ag</subfield>
    <subfield code="c">ar-c</subfield>
  </datafield>
  <datafield tag="080" ind1="0" ind2=" ">
    <subfield code="a">82-34</subfield>
    <subfield code="2">2000</subfield>
  </datafield>
  <datafield tag="245" ind1="0" ind2="0">
    <subfield code="a">En el pa&#xED;s de las maravillas_ :</subfield>
    <subfield code="b">los mejores cuentos fant&#xE1;sticos /</subfield>
    <subfield code="c">introducci&#xF3;n y selecci&#xF3;n de Luis Ben&#xED;tez.</subfield>
  </datafield>
  <datafield tag="250" ind1=" " ind2=" ">
    <subfield code="a">1a ed.</subfield>
  </datafield>
  <datafield tag="260" ind1=" " ind2=" ">
    <subfield code="a">Buenos Aires :</subfield>
    <subfield code="b">Ediciones Lea,</subfield>
    <subfield code="c">2009.</subfield>
  </datafield>
  <datafield tag="300" ind1=" " ind2=" ">
    <subfield code="a">187 p. ;</subfield>
    <subfield code="c">23 cm.</subfield>
  </datafield>
  <datafield tag="490" ind1="0" ind2=" ">
    <subfield code="a">Colecci&#xF3;n Filo y Contrafilo</subfield>
  </datafield>
  <datafield tag="505" ind1="0" ind2=" ">
    <subfield code="t">El cl&#xE9;rigo incestuoso /</subfield>
    <subfield code="r">Margarita de Angulema --</subfield>
    <subfield code="t">El gnomo /</subfield>
    <subfield code="r">Gustavo Adolfo B&#xE9;cquer --</subfield>
    <subfield code="t">Un habitante de Carcosa /</subfield>
    <subfield code="r">Ambrose Bierce --</subfield>
    <subfield code="t">La condenada /</subfield>
    <subfield code="r">Vicente Blasco Ib&#xE1;&#xF1;ez --</subfield>
    <subfield code="t">Thanatop&#xED;a /</subfield>
    <subfield code="r">Rub&#xE9;n Dar&#xED;o --</subfield>
    <subfield code="t">Las hadas de Francia /</subfield>
    <subfield code="r">Alphonse Daudet --</subfield>
    <subfield code="t">Historia de un muerto (contada por &#xE9;l mismo) /</subfield>
    <subfield code="r">Alejandro Dumas --</subfield>
    <subfield code="t">El enemigo /</subfield>
    <subfield code="r">Ant&#xF3;n Ch&#xE9;jov --</subfield>
    <subfield code="t">El brujo postergado /</subfield>
    <subfield code="r">Infante don Juan Manuel --</subfield>
    <subfield code="t">Ciudad de la noche pavorosa /</subfield>
    <subfield code="r">Rudyard Kipling --</subfield>
    <subfield code="t">Celefais /</subfield>
    <subfield code="r">Howard Philips Lovecraft --</subfield>
    <subfield code="t">Aire /</subfield>
    <subfield code="r">Emilia Pardo Baz&#xE1;n --</subfield>
    <subfield code="t">William Wilson /</subfield>
    <subfield code="r">Edgar Allan Poe --</subfield>
    <subfield code="t">El fabricante de ata&#xFA;des /</subfield>
    <subfield code="r">Alexander Serg&#xE9;yevich Pushkin --</subfield>
    <subfield code="t">El almohad&#xF3;n de plumas /</subfield>
    <subfield code="r">Horacio Quiroga --</subfield>
    <subfield code="t">La casa del juez /</subfield>
    <subfield code="r">Bram Stoker.</subfield>
  </datafield>
  <datafield tag="520" ind1="3" ind2=" ">
    <subfield code="a">Un impiadoso cr&#xED;tico dijo alguna vez que fue San Juan uno de los primeros escritores del g&#xE9;nero fant&#xE1;stico al dejarnos su Apocalipsis, pero sin duda hay un exceso de mala fe en esa afirmaci&#xF3;n.
Y muchas veces los relatos fant&#xE1;sticos fueron considerados como un g&#xE9;nero menor; sin embargo se olvida que las aventuras de Jas&#xF3;n y los argonautas, las peripecias de Perseo, las tareas de H&#xE9;rcules y la tragedia de Edipo, por s&#xF3;lo citar algunos de los textos hoy cl&#xE1;sicos, fueron en su tiempo relatos fant&#xE1;sticos con la misma estructura que los actuales ya que sus personajes no distinguen entre lo real y lo irreal,mientras la suma de elementos reales y elementos incre&#xED;bles comforman un cosmos donde los hechos m&#xE1;sinveros&#xED;miles siguen, sin embargo, un desarrollo l&#xF3;gico cercano. (Nota del editor)</subfield>
  </datafield>
  <datafield tag="650" ind1=" " ind2="7">
    <subfield code="a">Literatura</subfield>
    <subfield code="x">Antolog&#xED;as</subfield>
  </datafield>
  <datafield tag="655" ind1=" " ind2="7">
    <subfield code="2">embne</subfield>
    <subfield code="a">Cuentos fant&#xE1;sticos</subfield>
    <subfield code="v">Antolog&#xED;as</subfield>
  </datafield>
  <datafield tag="700" ind1="1" ind2=" ">
    <subfield code="a">Angulema, Margarita de,</subfield>
    <subfield code="d">1492-1549</subfield>
  </datafield>
  <datafield tag="700" ind1="1" ind2=" ">
    <subfield code="a">B&#xE9;cquer, Gustavo Adolfo,</subfield>
    <subfield code="d">1836-1870</subfield>
  </datafield>
  <datafield tag="700" ind1="1" ind2=" ">
    <subfield code="a">Bierce, Ambrose,</subfield>
    <subfield code="d">1842-1914?</subfield>
  </datafield>
  <datafield tag="700" ind1="1" ind2=" ">
    <subfield code="a">Blasco Ib&#xE1;&#xF1;ez, Vicente,</subfield>
    <subfield code="d">1867-1928</subfield>
  </datafield>
  <datafield tag="700" ind1="1" ind2=" ">
    <subfield code="a">Dar&#xED;o, Rub&#xE9;n,</subfield>
    <subfield code="d">1867-1916</subfield>
  </datafield>
  <datafield tag="700" ind1="1" ind2=" ">
    <subfield code="a">Daudet, Alphonse,</subfield>
    <subfield code="d">1840-1897</subfield>
  </datafield>
  <datafield tag="700" ind1="1" ind2=" ">
    <subfield code="a">Dumas, Alejandro,</subfield>
    <subfield code="d">1802-1870</subfield>
  </datafield>
  <datafield tag="700" ind1="1" ind2=" ">
    <subfield code="a">Chejov, Anton Pavlovich,</subfield>
    <subfield code="d">1860-1904</subfield>
  </datafield>
  <datafield tag="700" ind1="1" ind2=" ">
    <subfield code="a">Kipling, Rudyard,</subfield>
    <subfield code="d">1865-1936</subfield>
  </datafield>
  <datafield tag="700" ind1="1" ind2=" ">
    <subfield code="a">Don Juan Manuel (Infante),</subfield>
    <subfield code="d">1282-1348</subfield>
  </datafield>
  <datafield tag="700" ind1="1" ind2=" ">
    <subfield code="a">Lovecraft, H. P.,</subfield>
    <subfield code="d">1890-1937</subfield>
  </datafield>
  <datafield tag="700" ind1="1" ind2=" ">
    <subfield code="a">Pardo Baz&#xE1;n, Emilia,</subfield>
    <subfield code="c">Condesa de,</subfield>
    <subfield code="d">1851-1921</subfield>
  </datafield>
  <datafield tag="700" ind1="1" ind2=" ">
    <subfield code="a">Poe, Edgar Allan,</subfield>
    <subfield code="d">1809-1849</subfield>
  </datafield>
  <datafield tag="700" ind1="1" ind2=" ">
    <subfield code="a">Pushkin, Aleksandr Sergeevich,</subfield>
    <subfield code="d">1799-1837</subfield>
  </datafield>
  <datafield tag="700" ind1="1" ind2=" ">
    <subfield code="a">Quiroga, Horacio,</subfield>
    <subfield code="d">1878-1937</subfield>
  </datafield>
  <datafield tag="700" ind1="1" ind2=" ">
    <subfield code="a">Stoker, Bram,</subfield>
    <subfield code="d">1847-1912</subfield>
  </datafield>
  <datafield tag="700" ind1="1" ind2=" ">
    <subfield code="a">Ben&#xED;tez, Luis,</subfield>
    <subfield code="d">1956-</subfield>
    <subfield code="e">compilador</subfield>
    <subfield code="4">com</subfield>
  </datafield>
  <datafield tag="942" ind1=" " ind2=" ">
    <subfield code="2">udc</subfield>
    <subfield code="c">OG</subfield>
    <subfield code="n">0</subfield>
  </datafield>
  <datafield tag="999" ind1=" " ind2=" ">
    <subfield code="c">971</subfield>
    <subfield code="d">971</subfield>
  </datafield>
  <datafield tag="952" ind1=" " ind2=" ">
    <subfield code="0">0</subfield>
    <subfield code="1">0</subfield>
    <subfield code="2">udc</subfield>
    <subfield code="4">0</subfield>
    <subfield code="7">0</subfield>
    <subfield code="8">CG</subfield>
    <subfield code="a">ESOCIALES</subfield>
    <subfield code="b">ESOCIALES</subfield>
    <subfield code="d">2026-03-13</subfield>
    <subfield code="e">Donaci&#xF3;n 2023</subfield>
    <subfield code="l">0</subfield>
    <subfield code="o">82-34 EN56</subfield>
    <subfield code="p">000607</subfield>
    <subfield code="r">2026-03-13 12:24:54</subfield>
    <subfield code="w">2026-03-13</subfield>
    <subfield code="y">OG</subfield>
  </datafield>
</record>
